Öt egyetemen szállnak be az oktatásba a Mészáros Csoport szakemberei
Elmentve itt :
| Szerző: | |
|---|---|
| Dokumentumtípus: | Cikk |
| Megjelent: |
2021-08-27
|
| Sorozat: | Telex.hu
|
| Kulcsszavak: | Szegedi Tudományegyetem - alapítványi egyetem - alapítványi fenntartás, Együttműködési megállapodás - Mészáros Alapítvány, Konferencia - Mészáros Alapítvány - 5., Program - Tanítsunk Magyarországért, Innovációs és Technológiai Minisztérium - ITM, Előadás - György László - gazdaságstratégiáért és szabályozásért felelős államtitkár, Doktori képzés, Gyakornoki program, Ösztöndíj - tanulmányi, Kutatás - fejlesztés - innováció, Rovó László - rektor |
| Online Access: | http://univ.bibl.u-szeged.hu/59877 |
| LEADER | 01190nab a2200169 i 4500 | ||
|---|---|---|---|
| 001 | univ59877 | ||
| 005 | 20210830111537.0 | ||
| 008 | 210830s2021 hu o 0|| hun d | ||
| 040 | |a SZTE UnivHistória Repozitórium |b hun | ||
| 041 | |a hun | ||
| 100 | 2 | |a Iván-Nagy Szilvia | |
| 245 | 1 | 0 | |a Öt egyetemen szállnak be az oktatásba a Mészáros Csoport szakemberei |h [elektronikus dokumentum] / |c Iván-Nagy Szilvia |
| 260 | |c 2021-08-27 | ||
| 490 | 0 | |a Telex.hu | |
| 561 | |a Egyetemi hirarchívum | ||
| 695 | |a Szegedi Tudományegyetem - alapítványi egyetem - alapítványi fenntartás, Együttműködési megállapodás - Mészáros Alapítvány, Konferencia - Mészáros Alapítvány - 5., Program - Tanítsunk Magyarországért, Innovációs és Technológiai Minisztérium - ITM, Előadás - György László - gazdaságstratégiáért és szabályozásért felelős államtitkár, Doktori képzés, Gyakornoki program, Ösztöndíj - tanulmányi, Kutatás - fejlesztés - innováció, Rovó László - rektor | ||
| 856 | 4 | 0 | |u http://univ.bibl.u-szeged.hu/59877/1/Telex_%20%C3%96t%20egyetemen%20sz%C3%A1llnak%20be%20az%20oktat%C3%A1sba%20a%20M%C3%A9sz%C3%A1ros%20Csoport%20szakemberei.pdf |z Dokumentum-elérés |